<?xml version="1.0" encoding="UTF-8"?>
<record
    xmlns:xsi="http://www.w3.org/2001/XMLSchema-instance"
    xsi:schemaLocation="http://www.loc.gov/MARC21/slim http://www.loc.gov/standards/marcxml/schema/MARC21slim.xsd"
    xmlns="http://www.loc.gov/MARC21/slim">

  <leader>00232nam a22001217a 4500</leader>
  <datafield tag="040" ind1=" " ind2=" ">
    <subfield code="c">SK</subfield>
  </datafield>
  <datafield tag="082" ind1=" " ind2=" ">
    <subfield code="a">574</subfield>
  </datafield>
  <datafield tag="100" ind1=" " ind2=" ">
    <subfield code="a">DAVID L</subfield>
  </datafield>
  <datafield tag="245" ind1=" " ind2=" ">
    <subfield code="a">Principles of biochemistry</subfield>
  </datafield>
  <datafield tag="260" ind1=" " ind2=" ">
    <subfield code="a">DAMAGE</subfield>
    <subfield code="b">DAV</subfield>
    <subfield code="c">NA</subfield>
  </datafield>
  <datafield tag="300" ind1=" " ind2=" ">
    <subfield code="a">482p.</subfield>
  </datafield>
  <datafield tag="942" ind1=" " ind2=" ">
    <subfield code="c">EK</subfield>
  </datafield>
  <datafield tag="999" ind1=" " ind2=" ">
    <subfield code="c">8585</subfield>
    <subfield code="d">8585</subfield>
  </datafield>
  <datafield tag="952" ind1=" " ind2=" ">
    <subfield code="0">0</subfield>
    <subfield code="1">0</subfield>
    <subfield code="4">0</subfield>
    <subfield code="6">574_000000000000000_DAV_NA_C165</subfield>
    <subfield code="7">0</subfield>
    <subfield code="9">48857</subfield>
    <subfield code="a">LBC</subfield>
    <subfield code="b">LBC</subfield>
    <subfield code="c">C165</subfield>
    <subfield code="d">2016-08-05</subfield>
    <subfield code="o">574 DAV NA C165</subfield>
    <subfield code="p">RUA045970</subfield>
    <subfield code="r">2016-10-13</subfield>
    <subfield code="y">EK</subfield>
  </datafield>
  <datafield tag="952" ind1=" " ind2=" ">
    <subfield code="0">0</subfield>
    <subfield code="1">0</subfield>
    <subfield code="4">0</subfield>
    <subfield code="6">574_000000000000000_DAV_NA_C165</subfield>
    <subfield code="7">0</subfield>
    <subfield code="9">48859</subfield>
    <subfield code="a">LBC</subfield>
    <subfield code="b">LBC</subfield>
    <subfield code="c">C165</subfield>
    <subfield code="d">2016-08-05</subfield>
    <subfield code="o">574 DAV NA C165</subfield>
    <subfield code="p">RUA045388</subfield>
    <subfield code="r">2016-10-13</subfield>
    <subfield code="y">EK</subfield>
  </datafield>
  <datafield tag="952" ind1=" " ind2=" ">
    <subfield code="0">0</subfield>
    <subfield code="1">0</subfield>
    <subfield code="4">0</subfield>
    <subfield code="6">574_000000000000000_DAV_NA_C162</subfield>
    <subfield code="7">0</subfield>
    <subfield code="9">48860</subfield>
    <subfield code="a">LBC</subfield>
    <subfield code="b">LBC</subfield>
    <subfield code="c">C162</subfield>
    <subfield code="d">2016-08-05</subfield>
    <subfield code="o">574 DAV NA C162</subfield>
    <subfield code="p">RUA045834</subfield>
    <subfield code="r">2016-10-12</subfield>
    <subfield code="y">EK</subfield>
  </datafield>
  <datafield tag="952" ind1=" " ind2=" ">
    <subfield code="0">0</subfield>
    <subfield code="1">0</subfield>
    <subfield code="4">0</subfield>
    <subfield code="6">574_000000000000000_DAV_NA_C164</subfield>
    <subfield code="7">0</subfield>
    <subfield code="9">48861</subfield>
    <subfield code="a">LBC</subfield>
    <subfield code="b">LBC</subfield>
    <subfield code="c">C164</subfield>
    <subfield code="d">2016-08-05</subfield>
    <subfield code="o">574 DAV NA C164</subfield>
    <subfield code="p">RUA045748</subfield>
    <subfield code="r">2016-10-13</subfield>
    <subfield code="y">EK</subfield>
  </datafield>
  <datafield tag="952" ind1=" " ind2=" ">
    <subfield code="0">0</subfield>
    <subfield code="1">0</subfield>
    <subfield code="4">0</subfield>
    <subfield code="6">574_000000000000000_DAV_NA_C236</subfield>
    <subfield code="7">0</subfield>
    <subfield code="9">48915</subfield>
    <subfield code="a">LBC</subfield>
    <subfield code="b">LBC</subfield>
    <subfield code="c">C236</subfield>
    <subfield code="d">2016-08-05</subfield>
    <subfield code="o">574 DAV NA C236</subfield>
    <subfield code="p">RUA045126</subfield>
    <subfield code="r">2016-08-05</subfield>
    <subfield code="y">EK</subfield>
  </datafield>
  <datafield tag="952" ind1=" " ind2=" ">
    <subfield code="0">0</subfield>
    <subfield code="1">0</subfield>
    <subfield code="4">0</subfield>
    <subfield code="6">574_000000000000000_DAV_NA_C164</subfield>
    <subfield code="7">0</subfield>
    <subfield code="9">49031</subfield>
    <subfield code="a">LBC</subfield>
    <subfield code="b">LBC</subfield>
    <subfield code="c">C164</subfield>
    <subfield code="d">2016-08-08</subfield>
    <subfield code="o">574 DAV NA C164</subfield>
    <subfield code="p">RUA045613</subfield>
    <subfield code="r">2016-08-08</subfield>
    <subfield code="y">EK</subfield>
  </datafield>
  <datafield tag="952" ind1=" " ind2=" ">
    <subfield code="0">0</subfield>
    <subfield code="1">0</subfield>
    <subfield code="4">0</subfield>
    <subfield code="6">574_000000000000000_DAV_NA_C164</subfield>
    <subfield code="7">0</subfield>
    <subfield code="9">49032</subfield>
    <subfield code="a">LBC</subfield>
    <subfield code="b">LBC</subfield>
    <subfield code="c">C164</subfield>
    <subfield code="d">2016-08-08</subfield>
    <subfield code="o">574 DAV NA C164</subfield>
    <subfield code="p">RUA045618</subfield>
    <subfield code="r">2016-08-08</subfield>
    <subfield code="y">EK</subfield>
  </datafield>
  <datafield tag="952" ind1=" " ind2=" ">
    <subfield code="0">0</subfield>
    <subfield code="1">0</subfield>
    <subfield code="4">0</subfield>
    <subfield code="6">574_000000000000000_DAV_NA_C164</subfield>
    <subfield code="7">0</subfield>
    <subfield code="9">49035</subfield>
    <subfield code="a">LBC</subfield>
    <subfield code="b">LBC</subfield>
    <subfield code="c">C164</subfield>
    <subfield code="d">2016-08-08</subfield>
    <subfield code="o">574 DAV NA C164</subfield>
    <subfield code="p">RUA062526</subfield>
    <subfield code="r">2016-08-08</subfield>
    <subfield code="y">EK</subfield>
  </datafield>
</record>
